| 000 | 00897nam a2200253Ia 4500 | ||
|---|---|---|---|
| 003 | OSt | ||
| 005 | 20220923211338.0 | ||
| 006 | a|||||r|||| 00| 0 | ||
| 007 | ta | ||
| 008 | 220922b |||||||| |||| 00| 0 pan d | ||
| 020 |
_a9788182993990 (hbk) _c475 |
||
| 024 | _a330,959 | ||
| 037 |
_bSP/5382, 17/03/2018, Star Publications (Pvt.) Ltd. _cTextual |
||
| 040 |
_aARTS _cARTS _bpan |
||
| 041 |
_2pan _apan |
||
| 082 | _aO142,3N05,SS, 153Q8 | ||
| 100 |
_aਪਨੋਵਾ, ਵੇਰਾ, ਂਚ. _9156363 |
||
| 245 | 0 | _aਸਾਥੀ ਸਫਰ ਦੇ | |
| 260 |
_aਦਿੱਲੀ _b ਆਰਸੀ ਪਬਲਿFਰੂਗ਼ _c2018 |
||
| 300 |
_a405ਪ0 _ccm. |
||
| 650 |
_aਰFਿਅਨ ਕਹਾਣੀ _9160267 |
||
| 942 |
_hO142,3N05,SS, 153Q8 _cTEXL _2CC |
||
| 999 |
_c298652 _d298652 |
||